<?xml version="1.0" encoding="utf-8"?>
<?xml-stylesheet type='text/xsl' href='./oai2.xsl'?>
<OAI-PMH xmlns="http://www.openarchives.org/OAI/2.0/" xmlns:xsi="http://www.w3.org/2001/XMLSchema-instance" xsi:schemaLocation="http://www.openarchives.org/OAI/2.0/ http://www.openarchives.org/OAI/2.0/OAI-PMH.xsd">
  <responseDate>2026-05-15T19:21:46Z</responseDate>
  <request verb="GetRecord" metadataPrefix="marcxml" identifier="record_kuniweb_591740">https://kulturerbe.niedersachsen.de/oai</request>
  <GetRecord>
    <record>
      <header>
        <identifier>record_kuniweb_591740</identifier>
        <datestamp>2025-08-28T09:38:22Z</datestamp>
        <setSpec>slg0243</setSpec>
        <setSpec>slg0111</setSpec>
      </header>
      <metadata>
        <marc:record xmlns:marc="http://www.loc.gov/MARC21/slim" xsi:schemaLocation="http://www.loc.gov/MARC21/slim http://www.loc.gov/standards/marcxml/schema/MARC21slim.xsd">
          <marc:leader>12345nkm  22     uu 4500</marc:leader>
          <marc:controlfield tag="001">591740</marc:controlfield>
          <marc:controlfield tag="003">http://kuniweb.gbv.de</marc:controlfield>
          <marc:controlfield tag="005">2024-03-19T19:06:51</marc:controlfield>
          <marc:controlfield tag="008">|           ||||||||||||||||||||||</marc:controlfield>
          <marc:datafield tag="245" ind1="1" ind2="0">
            <marc:subfield code="a">Schützenzüge für das Königliche Meliorationsbauamt I in Hannover, 1905</marc:subfield>
          </marc:datafield>
          <marc:datafield tag="655" ind1=" " ind2="7">
            <marc:subfield code="a">Grafik</marc:subfield>
          </marc:datafield>
          <marc:datafield tag="046" ind1=" " ind2=" ">
            <marc:subfield code="k">1905-01-16</marc:subfield>
            <marc:subfield code="k">16.01.1905</marc:subfield>
          </marc:datafield>
          <marc:datafield tag="260" ind1=" " ind2=" ">
            <marc:subfield code="g">1905-01-16</marc:subfield>
            <marc:subfield code="g">16.01.1905</marc:subfield>
          </marc:datafield>
          <marc:datafield tag="520" ind1=" " ind2=" ">
            <marc:subfield code="a">Zeichnung – schwarz-weiß      
Herstellungsort – Königshütte, (Bad) Lauterberg

Auftraggeber und Standort: 
Königliches Meliorationsbauamt I aus Hannover für eine Schleuse an dem Flüsschen Fuhse bei Klein Ilsede

Anmerkung zum Begriff Melioration:
Melioration, teils auch Meliorisation (von lateinisch melior ‚besser‘, teils umgangssprachlich Bodenbewirtschaftung), ist ein Begriff der Bodenkunde, Landschaftspflege und Wasserwirtschaft, der innerhalb der deutschsprachigen Staaten unterschiedliche Verwendung findet.
In Deutschland sind darin kulturtechnische Maßnahmen zur Werterhöhung des Bodens zu sehen, also
•	zur Steigerung seiner Ertragsfähigkeit,
•	zur Vereinfachung seiner Bewirtschaftung und
•	zum Schutz vor Schädigung oder Zerstörung.
Solche Maßnahmen sind zum Beispiel die Be- oder Entwässerung, Drainierung, Eindeichung von Überschwemmungsgebieten und die Urbarmachung von Ödland.
Die Bezeichnung Melioration wird gleichermaßen in Land- und Forstwirtschaft sowie der Bodenkunde und der Wasserwirtschaft verwendet. Sie leitet sich vom lateinischen meliorare (verbessern) ab. Bodenmelioration ist beispielsweise insofern weitgehend gleichbedeutend mit Bodenverbesserung.
Quelle:
https://de.wikipedia.org/wiki/Melioration


Information:
Zur Inventarnummer sind vier Zeichnungen vorhanden, diese ist doppelt vorhanden.

Anmerkung zum Begriff Melioration:
Melioration (lat. melior „besser“), ist ein Begriff der Bodenkunde und Landschaftspflege, der innerhalb der deutschsprachigen Staaten unterschiedliche Verwendung findet.
In Deutschland sind darin kulturtechnische Maßnahmen zur Werterhöhung des Bodens zu sehen, also
•	zur Steigerung seiner Ertragsfähigkeit,
•	zur Vereinfachung seiner Bewirtschaftung und
•	zum Schutz vor Schädigung oder Zerstörung.
Solche Maßnahmen sind zum Beispiel die Be- oder Entwässerung und die Drainierung.
Quelle:
Melioration – Wikipedia
https://de.wikipedia.org/wiki/Melioration

 (Förderkreis Königshütte Bad Lauterberg e.V.)

Verwendungszweck:
Arbeitsgrundlage

Maßstab: 1 zu 10

Literatur in Zusammenhang:
https://de.wikipedia.org/wiki/Melioration</marc:subfield>
          </marc:datafield>
          <marc:datafield tag="650" ind1="1" ind2=" ">
            <marc:subfield code="a">Wehr</marc:subfield>
          </marc:datafield>
          <marc:datafield tag="650" ind1="1" ind2=" ">
            <marc:subfield code="a">Wassernutzung</marc:subfield>
          </marc:datafield>
          <marc:datafield tag="650" ind1="1" ind2=" ">
            <marc:subfield code="a">Grafik, Fotografie &gt; Zeichnung</marc:subfield>
          </marc:datafield>
          <marc:datafield tag="650" ind1="1" ind2=" ">
            <marc:subfield code="a">Öffentlichkeit und Gemeinwesen</marc:subfield>
          </marc:datafield>
          <marc:datafield tag="650" ind1="1" ind2=" ">
            <marc:subfield code="a">Klein Ilsede (Ilsede, Peine, Niedersachsen)</marc:subfield>
          </marc:datafield>
          <marc:datafield tag="650" ind1="1" ind2=" ">
            <marc:subfield code="a">Hannover (Region Hannover, Niedersachsen)</marc:subfield>
          </marc:datafield>
          <marc:datafield tag="773" ind1="0" ind2=" ">
            <marc:subfield code="t">Wasserbauanlagen</marc:subfield>
          </marc:datafield>
          <marc:datafield tag="773" ind1="0" ind2=" ">
            <marc:subfield code="t">Mühlen-, Gips- und sonstige Anlagen</marc:subfield>
          </marc:datafield>
          <marc:datafield tag="852" ind1=" " ind2=" ">
            <marc:subfield code="a">Industriedenkmal Königshütte Bad Lauterberg im Harz</marc:subfield>
          </marc:datafield>
          <marc:datafield tag="" ind1=" " ind2=" ">
            <marc:subfield code="a">Namensnennung - Nicht kommerziell - Keine Bearbeitungen 4.0 International (CC BY-NC-ND 4.0)</marc:subfield>
          </marc:datafield>
        </marc:record>
      </metadata>
    </record>
  </GetRecord>
</OAI-PMH>
